[Event "RUS-chT Premier 2021"]
[White "Shubin,Kirill"]
[Black "Petrov,Nikita"]
[WhiteTeam "СШОР"]
[BlackTeam "Школа М. Ботвинника"]
[Site "Sochi"]
[Round "6.1"]
[Annotator "ChessBase"]
[Result "0-1"]
[Date "2021.05.07"]
[WhiteElo "2466"]
[BlackElo "2567"]
[PlyCount "62"]
[TimeControl "60"]

1. e4 {[%emt 0:0:0]} c5 {[%emt 0:0:0]} 2. Nf3 {[%emt 0:0:0]} Nc6 {[%emt 0:0:0]
} 3. Bb5 {[%emt 0:0:0]} e6 {[%emt 0:0:16]} 4. 0-0 {[%emt 0:0:0]} Nge7 {[%emt 0:0:11]} 5. b3 {[%emt 0:0:48]} a6 {[%emt 0:0:29]} 6. Bxc6 {[%emt 0:0:55]
} Nxc6 {[%emt 0:0:7]} 7. Bb2 {[%emt 0:0:8]} b5 {[%emt 0:0:0]} 8. a4 {[%emt 0:2:32]} b4 {[%emt 0:1:14]} 9. d3 {[%emt 0:0:13]} Bb7 {[%emt 0:0:29]
} 10. Nbd2 {[%emt 0:2:3]} f6 {[%emt 0:0:16]} 11. Nh4 {[%emt 0:0:0]} Qe7 {[%emt 0:0:7]} 12. Nc4 {[%emt 0:1:57]} 0-0-0 {[%emt 0:8:25]} 13. Re1 {[%emt 0:6:25]} Kb8 {[%emt 0:14:34]} 14. f4 {[%emt 0:4:50]} Qf7 {[%emt 0:6:51]
} 15. e5 {[%emt 0:2:58]} f5 {[%emt 0:15:25]} 16. Nf3 {[%emt 0:0:0]} h6 {[%emt 0:3:12]} 17. Nd6 {[%emt 0:0:23]} Bxd6 {[%emt 0:0:42]} 18. exd6 {[%emt 0:0:3]} Rhg8 {[%emt 0:0:39]} 19. Ne5 {[%emt 0:5:55]} Nxe5 {[%emt 0:1:24]
} 20. fxe5 {[%emt 0:0:13]} f4 {[%emt 0:6:54]} 21. Qd2 {[%emt 0:0:0]} g5 {[%emt 0:2:42]} 22. Rf1 {[%emt 0:2:47]} Rdf8 {[%emt 0:2:48]} 23. c3 {[%emt 0:1:29]} g4 {[%emt 0:6:37]} 24. g3 {[%emt 0:0:10]} bxc3 {[%emt 0:0:0]} 25. Bxc3 {[%emt 0:0:8]} Qg6 {[%emt 0:1:5]} 26. Rad1 {[%emt 0:8:29]
} fxg3 {[%emt 0:2:6]} 27. Rf6 {[%emt 0:0:3]} gxh2+ {[%emt 0:2:45]} 28. Qxh2 {[%emt 0:0:3]} g3 {[%emt 0:5:29]} 29. Qh3 {[%emt 0:0:9]} Qg5 {[%emt 0:3:1]
} 30. Re1 {[%emt 0:0:7]} Rxf6 {[%emt 0:5:6]} 31. exf6 {[%emt 0:0:6]
} Qf4 {[%emt 0:0:24]} 0-1

[Event "RUS-chT Premier 2021"]
[White "Zakhartsov,Vladimir"]
[Black "Lobanov,Sergei"]
[WhiteTeam "Школа М. Ботвинника"]
[BlackTeam "СШОР"]
[Site "Sochi"]
[Round "6.2"]
[Annotator "ChessBase"]
[Result "1/2-1/2"]
[Date "2021.05.07"]
[WhiteElo "2486"]
[BlackElo "2520"]
[PlyCount "93"]
[TimeControl "60"]

1. d4 {[%emt 0:0:0]} d5 {[%emt 0:0:0]} 2. c4 {[%emt 0:0:41]} dxc4 {[%emt 0:0:0]
} 3. e4 {[%emt 0:1:17]} Nf6 {[%emt 0:0:0]} 4. e5 {[%emt 0:0:0]} Nd5 {[%emt 0:0:0]} 5. Bxc4 {[%emt 0:0:10]} Nc6 {[%emt 0:0:15]} 6. Ne2 {[%emt 0:4:15]} Bf5 {[%emt 0:0:45]} 7. 0-0 {[%emt 0:3:6]} e6 {[%emt 0:0:0]} 8. Nbc3 {[%emt 0:1:48]} Nb6 {[%emt 0:0:9]} 9. Bb5 {[%emt 0:2:24]} Be7 {[%emt 0:22:8]} 10. Ng3 {[%emt 0:10:43]} Bg6 {[%emt 0:0:7]} 11. Be3 {[%emt 0:9:15]
} 0-0 {[%emt 0:1:31]} 12. Bxc6 {[%emt 0:4:44]} bxc6 {[%emt 0:0:0]} 13. Qe2 {[%emt 0:0:43]} Nd5 {[%emt 0:10:0]} 14. Rac1 {[%emt 0:3:39]} Nxc3 {[%emt 0:13:10]} 15. Rxc3 {[%emt 0:1:40]} Qd5 {[%emt 0:0:27]} 16. Rfc1 {[%emt 0:7:19]
} c5 {[%emt 0:7:6]} 17. Qc4 {[%emt 0:1:55]} Qxc4 {[%emt 0:0:0]} 18. Rxc4 {[%emt 0:0:1]} Bd3 {[%emt 0:0:2]} 19. Ra4 {[%emt 0:0:48]} c4 {[%emt 0:2:55]} 20. Nf1 {[%emt 0:2:21]} Rfb8 {[%emt 0:3:3]} 21. Nd2 {[%emt 0:1:7]
} Rxb2 {[%emt 0:1:29]} 22. Nxc4 {[%emt 0:0:29]} Rc2 {[%emt 0:0:0]} 23. Rxc2 {[%emt 0:2:40]} Bxc2 {[%emt 0:0:2]} 24. Ra6 {[%emt 0:0:6]
} Be4 {[%emt 0:1:6]} 25. Na5 {[%emt 0:2:27]} Kf8 {[%emt 0:6:44]} 26. Nc6 {[%emt 0:1:19]
} Ke8 {[%emt 0:0:44]} 27. Nxe7 {[%emt 0:4:8]} Kxe7 {[%emt 0:0:0]} 28. Bd2 {[%emt 0:1:0]} Kd7 {[%emt 0:4:40]} 29. f3 {[%emt 0:2:15]} Bb7 {[%emt 0:1:52]} 30. Ra5 {[%emt 0:1:5]} a6 {[%emt 0:0:4]} 31. Bb4 {[%emt 0:1:2]
} Bc6 {[%emt 0:0:9]} 32. a3 {[%emt 0:1:8]} Bb5 {[%emt 0:0:0]} 33. Kf2 {[%emt 0:0:39]} Rb8 {[%emt 0:2:3]} 34. g4 {[%emt 0:1:59]} h5 {[%emt 0:2:39]
} 35. Kg3 {[%emt 0:2:25]} Rh8 {[%emt 0:0:7]} 36. h4 {[%emt 0:0:0]} Rh7 {[%emt 0:0:29]} 37. Be1 {[%emt 0:3:49]} Rh8 {[%emt 0:0:27]} 38. Kf4 {[%emt 0:0:22]} Rh7 {[%emt 0:0:42]} 39. a4 {[%emt 0:3:0]} Bc4 {[%emt 0:0:0]} 40. Rc5 {[%emt 0:0:0]} Bd5 {[%emt 0:0:0]} 41. Rc1 {[%emt 0:5:9]} Bc6 {[%emt 0:2:1]} 42. a5 {[%emt 0:0:37]} Rh8 {[%emt 0:0:2]} 43. Rb1 {[%emt 0:0:34]
} Bd5 {[%emt 0:1:10]} 44. Rb2 {[%emt 0:0:34]} Ke7 {[%emt 0:0:0]} 45. Bb4+ {[%emt 0:0:36]} Kd7 {[%emt 0:0:1]} 46. Be1 {[%emt 0:0:33]} Ke7 {[%emt 0:0:44]} 47. Bb4+ {[%emt 0:0:6]} 1/2-1/2

[Event "RUS-chT Premier 2021"]
[White "Pershin,Denis"]
[Black "Makarian,Rudik"]
[WhiteTeam "СШОР"]
[BlackTeam "Школа М. Ботвинника"]
[Site "Sochi"]
[Round "6.3"]
[Annotator "ChessBase"]
[Result "1/2-1/2"]
[Date "2021.05.07"]
[WhiteElo "2391"]
[BlackElo "2468"]
[PlyCount "64"]
[TimeControl "60"]

1. d4 {[%emt 0:0:0]} Nf6 {[%emt 0:0:0]} 2. c4 {[%emt 0:0:0]} e6 {[%emt 0:0:0]} 3. Nc3 {[%emt 0:0:33]} Bb4 {[%emt 0:0:0]} 4. Qc2 {[%emt 0:0:23]} d5 {[%emt 0:0:0]} 5. cxd5 {[%emt 0:0:12]} exd5 {[%emt 0:0:0]} 6. Bg5 {[%emt 0:0:6]
} h6 {[%emt 0:0:0]} 7. Bh4 {[%emt 0:0:6]} Nc6 {[%emt 0:0:0]
} 8. e3 {[%emt 0:0:14]} g5 {[%emt 0:0:0]} 9. Bg3 {[%emt 0:0:4]} h5 {[%emt 0:0:3]
} 10. Bb5 {[%emt 0:0:8]} h4 {[%emt 0:0:10]} 11. Be5 {[%emt 0:0:0]} 0-0 {[%emt 0:0:16]} 12. h3 {[%emt 0:0:17]} Ne4 {[%emt 0:39:27]} 13. Bh2 {[%emt 0:0:10]} Bf5 {[%emt 0:18:51]} 14. Bd3 {[%emt 0:0:21]} Qf6 {[%emt 0:0:18]
} 15. Nf3 {[%emt 0:13:45]} Rfe8 {[%emt 0:0:46]} 16. Ne5 {[%emt 0:1:1]
} Nxe5 {[%emt 0:16:2]} 17. dxe5 {[%emt 0:6:15]} Bxc3+ {[%emt 0:0:0]} 18. bxc3 {[%emt 0:0:6]} Qg6 {[%emt 0:0:1]} 19. Rd1 {[%emt 0:4:51]} c5 {[%emt 0:1:13]} 20. Qb2 {[%emt 0:23:0]} c4 {[%emt 0:0:47]} 21. Bb1 {[%emt 0:11:21]
} Nc5 {[%emt 0:2:58]} 22. Rxd5 {[%emt 0:4:58]} Bxb1 {[%emt 0:0:0]} 23. Rxc5 {[%emt 0:0:2]} Bd3 {[%emt 0:0:5]} 24. f3 {[%emt 0:0:47]} Qb6 {[%emt 0:0:10]} 25. Qb5 {[%emt 0:1:5]} Rec8 {[%emt 0:1:21]} 26. Rxc8+ {[%emt 0:1:59]
} Rxc8 {[%emt 0:0:1]} 27. Qxb6 {[%emt 0:0:23]} axb6 {[%emt 0:0:0]} 28. Kd2 {[%emt 0:0:25]} Ra8 {[%emt 0:1:10]} 29. Ra1 {[%emt 0:0:7]} Ra5 {[%emt 0:0:25]} 30. Ke1 {[%emt 0:5:40]} Rb5 {[%emt 0:1:15]} 31. Rd1 {[%emt 0:0:7]
} Rb2 {[%emt 0:1:41]} 32. Rd2 {[%emt 0:0:5]} Rb1+ {[%emt 0:0:0]} 1/2-1/2

[Event "RUS-chT Premier 2021"]
[White "Afanasiev,Nikita"]
[Black "Askerov,Marat"]
[WhiteTeam "Школа М. Ботвинника"]
[BlackTeam "СШОР"]
[Site "Sochi"]
[Round "6.4"]
[Annotator "ChessBase"]
[Result "1-0"]
[Date "2021.05.07"]
[WhiteElo "2529"]
[BlackElo "2353"]
[PlyCount "79"]
[TimeControl "60"]

1. Nf3 {[%emt 0:0:0]} Nf6 {[%emt 0:0:0]} 2. c4 {[%emt 0:0:0]} c5 {[%emt 0:0:0]
} 3. g3 {[%emt 0:0:48]} d5 {[%emt 0:3:30]} 4. cxd5 {[%emt 0:0:0]} Nxd5 {[%emt 0:0:5]} 5. Nc3 {[%emt 0:0:4]} Nc6 {[%emt 0:2:17]} 6. Bg2 {[%emt 0:0:6]} Nc7 {[%emt 0:2:18]} 7. 0-0 {[%emt 0:1:5]} e5 {[%emt 0:0:0]} 8. a3 {[%emt 0:1:41]} Rb8 {[%emt 0:2:18]} 9. d3 {[%emt 0:8:51]} Be7 {[%emt 0:1:17]
} 10. Nd2 {[%emt 0:1:21]} Bd7 {[%emt 0:8:7]} 11. Nc4 {[%emt 0:0:0]} f6 {[%emt 0:3:48]} 12. a4 {[%emt 0:12:49]} Ne6 {[%emt 0:17:3]} 13. Nd5 {[%emt 0:10:34]} 0-0 {[%emt 0:0:53]} 14. Bd2 {[%emt 0:4:47]} Re8 {[%emt 0:3:35]
} 15. Bc3 {[%emt 0:6:58]} Bf8 {[%emt 0:2:54]} 16. e3 {[%emt 0:0:0]} Nb4 {[%emt 0:10:29]} 17. Bxb4 {[%emt 0:4:4]} cxb4 {[%emt 0:0:6]} 18. d4 {[%emt 0:0:5]} b5 {[%emt 0:6:32]} 19. axb5 {[%emt 0:4:32]} Bxb5 {[%emt 0:0:17]
} 20. b3 {[%emt 0:0:40]} exd4 {[%emt 0:3:12]} 21. exd4 {[%emt 0:0:7]
} a5 {[%emt 0:1:19]} 22. Qd3 {[%emt 0:7:41]} g6 {[%emt 0:10:40]
} 23. Rfe1 {[%emt 0:16:5]} Bg7 {[%emt 0:3:57]} 24. Re3 {[%emt 0:6:34]} f5 {[%emt 0:6:29]
} 25. Rae1 {[%emt 0:0:9]} Nxd4 {[%emt 0:0:57]} 26. Rxe8+ {[%emt 0:0:12]
} Bxe8 {[%emt 0:0:6]} 27. Ne5 {[%emt 0:0:24]} Ne6 {[%emt 0:0:0]} 28. Qa6 {[%emt 0:3:49]} Nc5 {[%emt 0:5:45]} 29. Qc4 {[%emt 0:0:13]} Ne6 {[%emt 0:1:5]} 30. Nf4 {[%emt 0:0:6]} Qc8 {[%emt 0:1:23]} 31. Qxc8 {[%emt 0:0:57]
} Rxc8 {[%emt 0:0:2]} 32. Bd5 {[%emt 0:0:5]} Rc5 {[%emt 0:0:0]} 33. Bxe6+ {[%emt 0:0:7]} Kh8 {[%emt 0:0:35]} 34. Nf7+ {[%emt 0:2:20]} Bxf7 {[%emt 0:0:2]} 35. Bxf7 {[%emt 0:0:4]} Bd4 {[%emt 0:0:33]} 36. Re8+ {[%emt 0:1:2]
} Kg7 {[%emt 0:0:6]} 37. Bc4 {[%emt 0:0:22]} Rxc4 {[%emt 0:0:0]} 38. bxc4 {[%emt 0:0:4]} b3 {[%emt 0:0:3]} 39. Rb8 {[%emt 0:0:7]} a4 {[%emt 0:0:9]} 40. Ne6+ {[%emt 0:0:0]} 1-0

[Event "RUS-chT Premier 2021"]
[White "Saveliev,Alexei"]
[Black "Kukhmazov,Arsen"]
[WhiteTeam "СШОР"]
[BlackTeam "Школа М. Ботвинника"]
[Site "Sochi"]
[Round "6.5"]
[Annotator "ChessBase"]
[Result "1/2-1/2"]
[Date "2021.05.07"]
[WhiteElo "2358"]
[BlackElo "2451"]
[PlyCount "83"]
[TimeControl "60"]

1. e4 {[%emt 0:0:0]} c6 {[%emt 0:0:0]} 2. d4 {[%emt 0:0:0]} d5 {[%emt 0:0:0]} 3. exd5 {[%emt 0:0:0]} cxd5 {[%emt 0:0:0]} 4. Bd3 {[%emt 0:0:0]} Nc6 {[%emt 0:0:0]} 5. c3 {[%emt 0:0:0]} Nf6 {[%emt 0:0:0]} 6. Bf4 {[%emt 0:1:0]
} Bg4 {[%emt 0:0:0]} 7. Qb3 {[%emt 0:0:5]} Qd7 {[%emt 0:0:0]} 8. Nd2 {[%emt 0:1:59]} e6 {[%emt 0:0:0]} 9. Ngf3 {[%emt 0:2:52]} Bd6 {[%emt 0:0:15]
} 10. Bxd6 {[%emt 0:7:42]} Qxd6 {[%emt 0:0:8]} 11. 0-0 {[%emt 0:0:16]
} 0-0 {[%emt 0:0:4]} 12. Rae1 {[%emt 0:6:46]} Ne7 {[%emt 0:0:0]} 13. Ne5 {[%emt 0:4:26]} Bf5 {[%emt 0:0:24]} 14. a3 {[%emt 0:5:51]} b5 {[%emt 0:3:7]
} 15. Bxf5 {[%emt 0:4:34]} Nxf5 {[%emt 0:0:10]} 16. Nd3 {[%emt 0:0:8]
} Rab8 {[%emt 0:2:33]} 17. Qd1 {[%emt 0:4:44]} Qd8 {[%emt 0:0:0]} 18. Nf3 {[%emt 0:7:9]} Nd6 {[%emt 0:10:34]} 19. Nfe5 {[%emt 0:4:35]} Rb6 {[%emt 0:1:58]} 20. Nc5 {[%emt 0:2:7]} Qc7 {[%emt 0:11:37]} 21. Qe2 {[%emt 0:1:56]
} Nde4 {[%emt 0:12:49]} 22. Ned3 {[%emt 0:3:4]} a5 {[%emt 0:0:0]} 23. Ra1 {[%emt 0:11:43]} Nd6 {[%emt 0:27:20]} 24. Rfc1 {[%emt 0:2:39]} a4 {[%emt 0:2:0]} 25. Rf1 {[%emt 0:2:6]} Nc4 {[%emt 0:0:23]} 26. Rae1 {[%emt 0:0:24]
} Ne4 {[%emt 0:7:32]} 27. Nxe4 {[%emt 0:4:0]} dxe4 {[%emt 0:0:0]} 28. Ne5 {[%emt 0:0:8]} Nxe5 {[%emt 0:4:7]} 29. dxe5 {[%emt 0:0:5]
} Qxe5 {[%emt 0:0:3]} 30. Qxe4 {[%emt 0:0:4]} Qxe4 {[%emt 0:0:21]} 31. Rxe4 {[%emt 0:0:1]} Rd6 {[%emt 0:1:14]} 32. Rb4 {[%emt 0:6:40]} Rd5 {[%emt 0:0:10]
} 33. c4 {[%emt 0:15:50]} bxc4 {[%emt 0:0:4]} 34. Rxc4 {[%emt 0:0:2]
} Rd2 {[%emt 0:0:59]} 35. Rb1 {[%emt 0:1:36]} Ra8 {[%emt 0:0:0]} 36. Kf1 {[%emt 0:0:28]} g5 {[%emt 0:0:26]} 37. Ke1 {[%emt 0:1:36]} Rd5 {[%emt 0:0:19]} 38. Rd1 {[%emt 0:0:56]} Re5+ {[%emt 0:0:24]} 39. Kd2 {[%emt 0:1:17]
} Rb8 {[%emt 0:0:59]} 40. Kc1 {[%emt 0:0:0]} Re2 {[%emt 0:0:0]} 41. Rc2 {[%emt 0:1:59]} Re4 {[%emt 0:1:33]} 42. Rdd2 {[%emt 0:2:56]} 1/2-1/2

[Event "RUS-chT Premier 2021"]
[White "Vetokhin,Savva"]
[Black "Timerkhanov,Alexander"]
[WhiteTeam "Школа М. Ботвинника"]
[BlackTeam "СШОР"]
[Site "Sochi"]
[Round "6.6"]
[Annotator "NA"]
[Result "1/2-1/2"]
[Date "2021.05.07"]
[WhiteElo "2261"]
[BlackElo "2400"]
[PlyCount "114"]
[TimeControl "60"]

1. Nf3 {[%emt 0:0:0]} d5 {[%emt 0:0:39]} 2. g3 {[%emt 0:0:0]} Bg4 {[%emt 0:0:18]
} 3. Bg2 {[%emt 0:0:0]} Nd7 {[%emt 0:0:7]} 4. c4 {[%emt 0:0:0]} e6 {[%emt 0:2:58]} 5. Qb3 {[%emt 0:6:33]} Nc5 {[%emt 0:2:15]} 6. Qe3 {[%emt 0:0:19]
} Nf6 {[%emt 0:3:22]} 7. d4 {[%emt 0:1:28]} Bxf3 {[%emt 0:0:0]} 8. Bxf3 {[%emt 0:6:25]} Nce4 {[%emt 0:0:43]} 9. cxd5 {[%emt 0:1:18]} exd5 {[%emt 0:0:10]} 10. Nc3 {[%emt 0:0:28]} Bb4 {[%emt 0:0:55]} 11. 0-0 {[%emt 0:5:46]
} Bxc3 {[%emt 0:4:0]} 12. bxc3 {[%emt 0:2:13]} 0-0 {[%emt 0:0:0]} 13. Qd3 {[%emt 0:1:21]} Nd6 {[%emt 0:10:23]} 14. Bg2 {[%emt 0:1:13]} Re8 {[%emt 0:1:5]} 15. Re1 {[%emt 0:0:19]} Qd7 {[%emt 0:7:25]} 16. f3 {[%emt 0:3:2]
} Qb5 {[%emt 0:2:49]} 17. Qxb5 {[%emt 0:2:35]} Nxb5 {[%emt 0:0:0]} 18. Bd2 {[%emt 0:2:8]} Nd6 {[%emt 0:0:32]} 19. g4 {[%emt 0:1:17]} h6 {[%emt 0:0:25]} 20. g5 {[%emt 0:4:42]} Nc4 {[%emt 0:7:53]} 21. gxf6 {[%emt 0:10:10]
} Nxd2 {[%emt 0:0:21]} 22. e4 {[%emt 0:0:26]} dxe4 {[%emt 0:0:0]} 23. fxe4 {[%emt 0:0:2]} gxf6 {[%emt 0:0:9]} 24. Re2 {[%emt 0:1:42]} Nc4 {[%emt 0:0:5]} 25. Rf1 {[%emt 0:0:13]} Kg7 {[%emt 0:4:37]} 26. e5 {[%emt 0:1:43]
} fxe5 {[%emt 0:3:18]} 27. Bd5 {[%emt 0:0:45]} Nd6 {[%emt 0:0:0]} 28. dxe5 {[%emt 0:0:29]} Kh8 {[%emt 0:1:58]} 29. Rf6 {[%emt 0:2:22]} Rg8+ {[%emt 0:3:12]} 30. Kf1 {[%emt 0:0:51]} Nb5 {[%emt 0:1:43]} 31. Rxh6+ {[%emt 0:1:15]
} Kg7 {[%emt 0:0:14]} 32. Rf6 {[%emt 0:0:9]} Nxc3 {[%emt 0:0:0]} 33. Rxf7+ {[%emt 0:1:23]} Kh6 {[%emt 0:1:29]} 34. Rf6+ {[%emt 0:3:30]} Rg6 {[%emt 0:0:14]} 35. Bxb7 {[%emt 0:6:49]} Rxf6+ {[%emt 0:0:56]} 36. exf6 {[%emt 0:0:9]} Rf8 {[%emt 0:0:9]} 37. Re6 {[%emt 0:6:40]} Kg5 {[%emt 0:0:0]} 38. Re5+ {[%emt 0:0:47]} Kg6 {[%emt 0:0:31]} 39. Rc5 {[%emt 0:0:15]} Rxf6+ {[%emt 0:0:13]} 40. Kg2 {[%emt 0:0:0]} Nxa2 {[%emt 0:0:0]} 41. Be4+ {[%emt 0:0:9]} Kg7 {[%emt 0:1:22]} 42. Rxc7+ {[%emt 0:0:8]} Rf7 {[%emt 0:0:0]} 43. Rc4 {[%emt 0:0:1]} a5 {[%emt 0:0:57]} 44. Kg3 {[%emt 0:1:29]} Nb4 {[%emt 0:0:13]} 45. h4 {[%emt 0:0:10]} Rd7 {[%emt 0:0:41]} 46. Rc5 {[%emt 0:1:53]
} a4 {[%emt 0:0:43]} 47. Rc4 {[%emt 0:0:45]} Nd5 {[%emt 0:0:0]} 48. Bf3 {[%emt 0:1:42]} Ne3 {[%emt 0:3:54]} 49. Rxa4 {[%emt 0:0:38]} Nf5+ {[%emt 0:0:6]} 50. Kh3 {[%emt 0:0:14]} Rd4 {[%emt 0:0:6]} 51. Ra7+ {[%emt 0:0:4]
} Kf6 {[%emt 0:0:9]} 52. Ra6+ {[%emt 0:0:50]} Ke5 {[%emt 0:0:0]} 53. h5 {[%emt 0:1:0]} Kf4 {[%emt 0:0:7]} 54. Be2 {[%emt 0:1:1]} Re4 {[%emt 0:0:20]} 55. Ra2 {[%emt 0:0:28]} Kg5 {[%emt 0:1:42]} 56. Kg2 {[%emt 0:0:43]
} Re5 {[%emt 0:0:14]} 57. Kf2 {[%emt 0:0:30]} Ng7 {[%emt 0:0:0]} 1/2-1/2

[Event "RUS-chT Premier 2021"]
[White "Predke,Alexandr"]
[Black "Dubov,Daniil"]
[WhiteTeam "Шахматная сборная Москвы"]
[BlackTeam "Wildberries Молодёжка"]
[Site "Sochi"]
[Round "6.7"]
[Annotator "TA"]
[Result "1/2-1/2"]
[Date "2021.05.07"]
[WhiteElo "2690"]
[BlackElo "2710"]
[PlyCount "127"]

1. d4 {} Nf6 2. c4 g6 3. Nc3 d5 4. Nf3 Bg7 5. Bg5 Ne4 6. Bf4 Nxc3 7. bxc3 c5 8. cxd5 Qxd5 9. e3 0-0 10. Be2 cxd4 11. cxd4 Nc6 12. 0-0 Bf5 13. Qa4 {D80: Grünfeld: Unusual White 4th moves and 4 Bg5.} Rfc8 14. Rfc1 {[#]} e5 $146 ({Predecessor:} 14... a6 15. h3 Qd7 16. Qb3 b5 {1/2-1/2 (16) Jojua,D (2463)
-Kurnosov,I (2593) Plovdiv 2008} )15. dxe5 Nxe5 16. Nxe5 Bxe5 17. Rxc8+ $1 Rxc8 18. Rd1 Qc5 {And now ...Bc2 would win.} 19. Bxe5 Qxe5 20. Qxa7 Qb2 21. Bf3 Be6 22. Qxb7 ({Don't go for} 22. Bxb7 $2 Rc1 $19 )Qxb7 23. Bxb7 $16 { Endgame KRB-KRB} Rc7 24. Bf3 Bxa2 25. g4 Kg7 26. Kg2 Be6 27. Kg3 g5 28. Rd4 h6 29. Be2 Rc3 30. h3 Kf6 31. Bd3 Rc1 32. f4 gxf4+ 33. exf4 Rd1 34. Kf2 Bc8 35. Rd6+ Ke7 {[#]} 36. Rd5 Be6 37. Rd4 (37. Ke2 {feels hotter.} Ra1 38. Re5 Ra2+ 39. Ke3 Kf6 40. Kf3 )Kf6 38. Kf3 Bc8 39. h4 Be6 40. g5+ Kg7 41. Ke3 hxg5 42. fxg5 Rg1 43. Be2 f6 44. Re4 ({Better is} 44. Rd6 $14 fxg5 45. hxg5 (45. Rxe6 gxh4 46. Re7+ Kg8 $14 ))Bf7 $11 45. Kf2 Rc1 46. Re7 Kf8 47. gxf6 {Strongly threatening Rb7.} Rc6 48. Ra7 {Black must now prevent Ra8+.} (48. Kg3 {is interesting.} Rxf6 49. Rd7 Rg6+ 50. Kf4 Rh6 51. Kg5 )Rxf6+ 49. Kg3 Rg6+ 50. Kf4 Rf6+ 51. Kg5 Rg6+ 52. Kf5 {aiming for Bh5!} Rh6 53. h5 Bxh5 {[#]} 54. Kg5 $1 Bxe2 55. Kxh6 {KR-KB} Bd3 56. Kg5 Kg8 57. Kf6 {White is slightly
better.} Bc2 58. Rg7+ (58. Rb7 {feels hotter.} Be4 59. Rg7+ Kh8 60. Kf7 Bd5+ 61. Kg6 )Kh8 59. Rg2 (59. Rb7 {keeps more tension.} Bh7 60. Kf7 Bg8+ 61. Kf8 Bh7 62. Rg7 )Bd3 60. Rd2 Bh7 61. Kf7 {Intending Rd8+ and mate.} Bg8+ 62. Kg6 {Threatening mate with Rh2+.} Bh7+ 63. Kh6 Bg8 64. Rd8 {Weighted Error
Value: White=0.05/Black=0.05} 1/2-1/2

[Event "RUS-chT Premier 2021"]
[White "Chigaev,Maksim"]
[Black "Inarkiev,Ernesto"]
[WhiteTeam "Wildberries Молодёжка"]
[BlackTeam "Шахматная сборная Москвы"]
[Site "Sochi"]
[Round "6.8"]
[Annotator "TA"]
[Result "0-1"]
[Date "2021.05.07"]
[WhiteElo "2631"]
[BlackElo "2654"]
[PlyCount "96"]

1. e4 {} e5 2. Nf3 Nc6 3. Bc4 Nf6 4. d3 Bc5 5. a4 {
} h6 6. a5 {C50: Hungarian Defence and Giuoco
Pianissimo.} a6 7. 0-0 0-0 8. c3 {The position is equal.} d6 9. Be3 Bxe3 10. fxe3 Ne7 {[#]} 11. Nh4 $146 ({Predecessor:} 11. Nbd2 Ng6 12. Qe1 Be6 13. Bxe6 fxe6 14. Qg3 Qe8 15. b4 Rd8 16. c4 Nh5 17. Qh3 {0-1 (43) Chigaev,M (2631)
-Kramnik,V (2753) Moscow 2019} )c6 12. Nd2 d5 13. Bb3 dxe4 14. Nxe4 Ng4 (14... Ned5 $11 {keeps the balance.} )15. Qe1 $2 (15. Qe2 $16 )Qxd3 $17 {
 Double Attack} 16. Nf2 Qb5 17. Ba4 (17. Ba2 $17 {was called for.} )Qc5 ({Wrong is} 17... Qxb2 $2 18. Nd3 $18 )(17... Qxa5 $19 18. Nxg4 Bxg4 19. Bxc6 Qb6 )18. b4 Qxe3 19. Qxe3 Nxe3 20. Rfe1 N7d5 21. Bb3 {Threatening c4.} Ng4 22. Nxg4 Bxg4 23. Bxd5 cxd5 24. h3 Be6 {...f6 is the strong threat.} 25. Rxe5 Rac8 26. Ra3 Rc4 27. Nf3 {[#]} (27. Nf5 $17 {might work better.} )Re4 $1 $19 28. Kf2 (28. g4 $142 )f5 29. Ra1 {[#]} Kf7 $1 30. Rd1 (30. c4 $142 Rxc4 31. Ree1 Rxb4 32. Reb1 Rxb1 33. Rxb1 )Rc8 31. c4 Rcxc4 ({
Don't take} 31... dxc4 32. Rxe4 fxe4 33. Nd4 $19 )32. Rxe4 Rxe4 {
Endgame KRB-KRN} 33. Rb1 Bd7 34. Nd2 Re7 35. Nb3 Bb5 36. Nd4 Re4 37. Rd1 Ba4 38. Rd2 Kf6 39. g3 g5 40. Ne2 {White hopes to continue with Nc3.} Bc6 ({
Don't play} 40... Rxb4 41. Nc3 )41. Nd4 Ke5 {Black is clearly winning.} 42. Nf3+ Kd6 43. Nd4 Bd7 44. Rd1 f4 45. g4 Re3 46. h4 Bxg4 47. Rg1 h5 48. hxg5 Ke5 {Weighted Error Value: White=0.47/Black=0.05} 0-1

[Event "RUS-chT Premier 2021"]
[White "Sjugirov,Sanan"]
[Black "Paravyan,David"]
[WhiteTeam "Шахматная сборная Москвы"]
[BlackTeam "Wildberries Молодёжка"]
[Site "Sochi"]
[Round "6.9"]
[Annotator "TA"]
[Result "1-0"]
[Date "2021.05.07"]
[WhiteElo "2663"]
[BlackElo "2647"]
[PlyCount "103"]

1. d4 {
} Nf6 2. c4 g6 3. Nc3 d5 4. cxd5 Nxd5 5. e4 Nxc3 6. bxc3 Bg7 7. Bc4 c5 8. Ne2 Nc6 {} 9. Be3 0-0 10. 0-0 Bg4 11. f3 Na5 12. Bxf7+ Rxf7 13. fxg4 Rxf1+ 14. Kxf1 Nc4 {D87: Exchange Grünfeld: Classical
Line: Variations without ...cxd4.} 15. Bf2 b5 16. Kg1 cxd4 {White is slightly
better.} 17. cxd4 {[#]} Qd7 $146 ({Predecessor:} 17... e6 18. h3 Qd6 19. Qc2 Rf8 20. Rd1 Bh6 21. Rd3 Qa6 22. Bg3 Ne3 23. Qb3 Rf1+ {1/2-1/2 (36) Webster,R 
(1957)-Grassie,D (2079) Daventry 2020} )18. h3 Rf8 19. a4 Bh6 20. Qd3 a6 21. axb5 axb5 22. Bg3 e5 23. d5 $1 {} Be3+ 24. Kh2 Qe7 25. Ra6 Bb6 26. d6 Qb7 {[#]} 27. Qd5+ (27. Ra1 $1 $16 )Qxd5 $14 28. exd5 b4 29. Bh4 Bd8 $2 { Black cannot hold the game after this.} (29... b3 $14 30. d7 b2 )30. Be7 $18 Bxe7 31. dxe7 { [#] Endgame Strongly
threatening d6. KRN-KRN} Rb8 32. Rc6 Kf7 33. Rxc4 Kxe7 {KRN-KR} 34. Rc6 b3 (34... Rb5 $142 35. Kg3 Kd7 )35. Nc3 b2 36. Nb1 Rb3 37. g5 Kd7 38. Re6 Kc7 39. h4 Kd7 40. h5 gxh5 41. Rh6 e4 $2 (41... Rb4 42. Rxh5 Kd6 43. Rxh7 Kxd5 )42. Rxh7+ Kd6 43. g6 {aiming for g7.} Rb8 {intending ...e3.} 44. Rxh5 e3 45. Kg1 Rg8 46. Rh3 Re8 (46... Rxg6 $142 47. Rxe3 Kxd5 )47. Kf1 {White is clearly
winning.} ({Wrong is} 47. Nc3 $2 e2 $19 )Kxd5 48. g7 {White threatens
Rh8 and mate.} e2+ 49. Ke1 {Rh8 would kill now.} Rg8 50. Rg3 Ke5 51. Kxe2 Kf4 52. Kf2 {Weighted Error Value: White=0.17/Black=0.39} 1-0

[Event "RUS-chT Premier 2021"]
[White "Riazantsev,Alexander"]
[Black "Sarana,Alexey"]
[WhiteTeam "Wildberries Молодёжка"]
[BlackTeam "Шахматная сборная Москвы"]
[Site "Sochi"]
[Round "6.10"]
[Annotator "TA"]
[Result "1-0"]
[Date "2021.05.07"]
[WhiteElo "2631"]
[BlackElo "2649"]
[PlyCount "75"]

1. d4 {} d5 2. Nf3 Nf6 3. c4 dxc4 4. e3 e6 5. Bxc4 c5 6. 0-0 a6 7. b3 Nbd7 8. Bb2 b5 9. Be2 Be7 10. Nbd2 Bb7 11. a4 b4 12. Nc4 {D27: Queen's Gambit Accepted: Classical main line: 7
e4!? and 7 a4.} 0-0 13. Nfe5 cxd4 14. Nxd7 {The position is equal.} Nxd7 15. Bxd4 Bf6 {[#]} 16. Bxf6 $146 ({Predecessor:} 16. Rc1 Bd5 17. Qd2 a5 18. Rfd1 Qe7 19. Qc2 Rac8 20. Qb1 Bxc4 21. Rxc4 Rxc4 22. Bxc4 Rd8 23. h3 Bxd4 {1/2-1/2 
(23) Mirzoev,A (2553)-Idani,P (2557) Urmia 2015} )Nxf6 17. Qxd8 $1 Rfxd8 18. Na5 Rd2 19. Rfe1 $1 Bd5 20. f3 $1 e5 21. e4 Be6 22. Rad1 Rb2 23. Rb1 Rc2 {
[#] White now steadily converts the win.} 24. Rbc1 $1 {} Ra2 25. Bf1 Kf8 26. Re2 $36 { White is really pushing.} Ra3 27. Rb2 Nd7 28. Rc6 Rd8 29. Kf2 (29. Bxa6 $6 Nb8 $16 )(29. Rxa6 $6 Rc8 $16 )Nb8 30. Rb6 Nd7 31. Rxb4 Nc5 32. Rb6 g6 (32... Rc8 $16 {is a better defense.} 33. Rb1 (33. Bxa6 Ra8 $11 )g6 )33. Nc4 $18 ({Worse is} 33. Bxa6 Ra8 $11 )Ra1 34. Nxe5 Rdd1 (34... Bxb3 $142 35. R6xb3 Nxb3 )35. Bxa6 f6 {[#]} (35... Bxb3 $142 36. Rc6 Rac1 )36. Rc2 $1 {White is clearly winning.} Nxb3 {[#]} (36... Rdc1 37. Rxc1 )37. Rxe6 (37. Rc7 $142 $1 Rd8 38. Rxe6 )fxe5 38. Rb6 {Weighted
Error Value: White=0.05/Black=0.32} (38. Rc8+ $142 Kg7 39. Rc7+ Kh6 40. Ree7 )1-0